| 000 | 00477nam a22001817a 4500 | ||
|---|---|---|---|
| 003 | MPLRDC | ||
| 005 | 20220104114504.0 | ||
| 008 | 210129b ||||| |||| 00| 0 eng d | ||
| 020 | _a7-5040-0259-3 | ||
| 082 | _a856.8 ZZY | ||
| 100 | _a赵志毅搜集整理 | ||
| 245 |
_a曹瘦脸儿打官司 _c |
||
| 250 | _a一版一刷 | ||
| 260 |
_a _b中国民间文艺出版社 _c1989 |
||
| 300 | _b平 | ||
| 650 | _a函牍及杂著--寓演; 讽刺; 笑话 | ||
| 942 |
_cBK _o856.8 ZZY |
||
| 999 |
_c7871 _d7861 |
||